Dictionary of bhakti : (Record no. 90241)
[ view plain ]
| 000 -LEADER | |
|---|---|
| fixed length control field | 01474nam a22003257a 4500 |
| 005 - DATE AND TIME OF LATEST TRANSACTION | |
| control field | 20141217105048.0 |
| 010 ## - LCCN (DPL NO) | |
| LC control number | ENG-111336-338 |
| 020 ## - INTERNATIONAL STANDARD BOOK NUMBER | |
| International Standard Book Number | 9788124605295 (set) |
| Terms of availability | 4000.00 (set of 3 vols.) |
| 020 ## - INTERNATIONAL STANDARD BOOK NUMBER | |
| International Standard Book Number | 8124605297 (set) |
| Terms of availability | 4000.00 (set of 3 vols.) |
| 020 ## - INTERNATIONAL STANDARD BOOK NUMBER | |
| International Standard Book Number | 9788124605301 (v.1) |
| Terms of availability | 4000.00 (set of 3 vols.) |
| 020 ## - INTERNATIONAL STANDARD BOOK NUMBER | |
| International Standard Book Number | 8124605300 (v.1) |
| Terms of availability | 4000.00 (set of 3 vols.) |
| 020 ## - INTERNATIONAL STANDARD BOOK NUMBER | |
| International Standard Book Number | 9788124605318 (v.2) |
| Terms of availability | 4000.00 (set of 3 vols.) |
| 020 ## - INTERNATIONAL STANDARD BOOK NUMBER | |
| International Standard Book Number | 8124605319 (v.2) |
| Terms of availability | 4000.00 (set of 3 vols.) |
| 020 ## - INTERNATIONAL STANDARD BOOK NUMBER | |
| International Standard Book Number | 9788124605325 (v.3) |
| Terms of availability | 4000.00 (set of 3 vols.) |
| 020 ## - INTERNATIONAL STANDARD BOOK NUMBER | |
| International Standard Book Number | 8124605327 (v.3) |
| Terms of availability | 4000.00 (set of 3 vols.) |
| 035 ## - SYSTEM CONTROL NUMBER | |
| System control number | EN-94868-870 |
| 037 ## - SOURCE OF ACQUISITION | |
| Source of stock number/acquisition | DBAD/PUB |
| 082 ## - DEWEY DECIMAL CLASSIFICATION NUMBER | |
| Classification number | 230.4503 |
| 245 ## - TITLE STATEMENT | |
| Title | Dictionary of bhakti : |
| Statement of responsibility, etc | edited by Winand M. Callewaert with the assistance of Swapna Sharma |
| Remainder of title | North-Indian bhakti texts into Khari Boli Hindi and English / |
| 260 ## - PUBLICATION, DISTRIBUTION, ETC. (IMPRINT) | |
| Place of publication, distribution, etc | New Delhi |
| Name of publisher, distributor, etc | D.K. Printworld |
| Date of publication, distribution, etc | 2009 |
| 270 ## - ADDRESS | |
| Address | Srikunj, F-52, Bali Nagar, Ramesh Nagar Metro Station |
| City | New Delhi |
| Postal code | 110015 |
| 300 ## - PHYSICAL DESCRIPTION | |
| Extent | 3V.(xxiii, 824p. ; xiv, 825-1530p. ; xiv, 1531-2187p.) |
| Dimensions | 28cm(Hb) |
| 500 ## - GENERAL NOTE | |
| General note | Includes bibliographical references |
| 505 ## - FORMATTED CONTENTS NOTE | |
| Formatted contents note | V.1-A-Ṇa ;V. 2- Ta-Ba ; V.3- Bha-Ha. |
| 650 ## - SUBJECT ADDED ENTRY--TOPICAL TERM | |
| Topical term or geographic name as entry element | Bhakti |
| Form subdivision | Dictionaries |
| General subdivision | Khari Boli. |
| 650 ## - SUBJECT ADDED ENTRY--TOPICAL TERM | |
| Topical term or geographic name as entry element | Khari Boli language |
| Form subdivision | Dictionaries |
| General subdivision | Hindi. |
| 650 ## - SUBJECT ADDED ENTRY--TOPICAL TERM | |
| Topical term or geographic name as entry element | Khari Boli language |
| Form subdivision | Dictionaries |
| General subdivision | English. |
| 650 ## - SUBJECT ADDED ENTRY--TOPICAL TERM | |
| Topical term or geographic name as entry element | Hinduism |
| General subdivision | Prayers and devotions |
| Form subdivision | Dictionaries |
| 942 ## - ADDED ENTRY ELEMENTS (KOHA) | |
| Source of classification or shelving scheme | Dewey Decimal Classification |
| Item type | English Books |
| Call number suffix | DIC |
| Classification part | 230.4503 |
| Withdrawn status | Lost status | Materials specified (bound volume or other part) | Not for loan | Collection code | Home library | Current library | Date acquired | Source of acquisition | Cost, normal purchase price | Full call number | Barcode | Copy number | Cost, replacement price | Koha item type |
|---|---|---|---|---|---|---|---|---|---|---|---|---|---|---|
| v.1 | Not For Loan | Non-fiction | D.B.Act.Division | D.B.Act.Division | 24/11/2014 | DBAD/PUB | 4000.00 | 230.4503 DIC | EN-94868 | 1 | 4000.00 | English Books | ||
| v.2 | Not For Loan | Non-fiction | D.B.Act.Division | D.B.Act.Division | 24/11/2014 | DBAD/PUB | 4000.00 | 230.4503 DIC | EN-94869 | 1 | 4000.00 | English Books | ||
| v.3 | Not For Loan | Non-fiction | D.B.Act.Division | D.B.Act.Division | 24/11/2014 | DBAD/PUB | 4000.00 | 230.4503 DIC | EN-94870 | 1 | 4000.00 | English Books |
